00305nam a2200121Ia 4500003000500000005001700005008004100022020001500063100001500078245003300093260004300126300001400169SISC20180213144849.0180205s9999 xx 000 0 und d a8172450672 aAhuja, B.N 4aThe world's great speeches / aINDIAbGoodwill publishing housec2000 a410 pages